Statistiques concernant Les pays avec des noms courts (avec une carte)

Cliquez ici pour prendre le quiz!

Statistiques générales

  • Ce quiz a été pris 794 fois
  • Le résultat moyen est 190 sur 196

Réponses sur la Carte

Les réponses sont colorées sur une échelle allant du rouge au vert en fonction du pourcentage des utilisateurs qui les ont devinées à leur premier essai. Vous pouvez retrouver ces pourcentages ci-dessous.
 

Statistiques - réponses

Country% Correct
x
100%
Libye
94%
Mali
94%
Chine
92%
Togo
92%
Iran
91%
Inde
90%
Irak
90%
Niger
90%
Tchad
89%
Pérou
88%
Ghana
86%
Laos
86%
Bénin
85%
Népal
85%
Suède
85%
Chili
84%
Japon
82%
Kenya
82%
Oman
82%
Yémen
80%
Cuba
79%
Gabon
77%
Malte
73%
Maroc
73%
Syrie
73%
Liban
72%
Haïti
70%
Fidji
68%
Qatar
68%
Grèce
67%
Nauru
66%
Tonga
65%
Samoa
61%

Distribution des résultats

Percentile par nombre de réponses

% des personnes avec chaque résultat

Votre développement - résultats

Vous n’avez pas pris ce quiz